书目信息 |
| 题名: |
万用表检测电子元器件
|
|
| 作者: | 杨宗强 , 辜竹筠 编 | |
| 分册: | ||
| 出版信息: | 北京 化学工业出版社 2020.07 |
|
| 页数: | 224页 | |
| 开本: | 21cm | |
| 丛书名: | 零起点看图学 | |
| 单 册: | ||
| 中图分类: | TN606 | |
| 科图分类: | ||
| 主题词: | 复用电表--fu yong dian biao--检测--电子元件 , 复用电表--fu yong dian biao--检测--电子器件 | |
| 电子资源: | ||
| ISBN: | 978-7-122-08243-5 | |
| 000 | 01081nam 2200277 450 | |
| 001 | 0109110252 | |
| 005 | 20201109110341.0 | |
| 010 | @a978-7-122-08243-5@dCNY29.80 | |
| 100 | @a20100824d2020 em y0chiy50 ea | |
| 101 | 0 | @achi |
| 102 | @aCN@b110000 | |
| 105 | @ay z 000yy | |
| 106 | @ar | |
| 200 | 1 | @a万用表检测电子元器件@Awan yong biao jian ce dian zi yuan qi jian@f杨宗强, 辜竹筠编 |
| 210 | @a北京@c化学工业出版社@d2020.07 | |
| 215 | @a224页@c图@d21cm | |
| 225 | 2 | @a零起点看图学@Aling qi dian kan tu xue |
| 330 | @a本书以“用图说话”的方式,通过大量的图、表和生动形象的语言来介绍万用表的各种功能和使用技巧。包括使用万用表检测电气元件、检测半导体二极管和晶体三极管、检测晶闸管和场效应晶体管、检测集成电路、检测基本电量和电路的方法和技巧。 | |
| 461 | 0 | @12001 @a零起点看图学 |
| 606 | 0 | @a复用电表@Afu yong dian biao@x检测@x电子元件 |
| 606 | 0 | @a复用电表@Afu yong dian biao@x检测@x电子器件 |
| 690 | @aTN606@v5 | |
| 701 | 0 | @a杨宗强@Ayang zong qiang@4编 |
| 701 | 0 | @a辜竹筠@Agu zhu jun@4编 |
| 801 | 0 | @aCN@bBJSZM@c20201103 |
| 905 | @b1242247-50@dTN606@e97@f4 | |
| 万用表检测电子元器件/杨宗强, 辜竹筠编.-北京:化学工业出版社,2020.07 |
| 224页:图;21cm.-(零起点看图学) |
| ISBN 978-7-122-08243-5:CNY29.80 |
| 本书以“用图说话”的方式,通过大量的图、表和生动形象的语言来介绍万用表的各种功能和使用技巧。包括使用万用表检测电气元件、检测半导体二极管和晶体三极管、检测晶闸管和场效应晶体管、检测集成电路、检测基本电量和电路的方法和技巧。 |
| ● |
| 相关链接 |
|
|
|
|
正题名:万用表检测电子元器件
索取号:TN606/97
 
预约/预借
| 序号 | 登录号 | 条形码 | 馆藏地/架位号 | 状态 | 备注 |
| 1 | 1242247 | 212422476 | 第二样本阅览室/ [索取号:TN606/97] | 在馆 | |
| 2 | 1242248 | 212422485 | 第三借阅区/ [索取号:TN606/97] | 在馆 | |
| 3 | 1242249 | 212422494 | 第三借阅区/ [索取号:TN606/97] | 在馆 | |
| 4 | 1242250 | 212422500 | 第三借阅区/ [索取号:TN606/97] | 在馆 |